The Instability of partisanship due to context

Kaydedildi:
Detaylı Bibliyografya
Yazar: McBurnett, Michael
Müşterek Yazar: University of Illinois
Materyal Türü: Metin
Baskı/Yayın Bilgisi: s.l: Butterworth-Heinemann Ltd
Konular:
Etiketler: Etiketle
Etiket eklenmemiş, İlk siz ekleyin!

MARC

LEADER 00000 a a2200000 04500
001 32888
003
040
090 |a 205300  
100 |a McBurnett, Michael  
110 |a University of Illinois  
245 |a The Instability of partisanship due to context  
260 |a s.l:   |b Butterworth-Heinemann Ltd  
300 |a pp. 132-148  
500 |a Publicado en: Political Geography Quarterly, vol 10 n° April 1991  
650 |a TEORIA POLITICA  
650 |a METODOLOGIA  
650 |a ANALISIS ESTADISTICO  
650 |a CULTURA POLITICA  
650 |a VOTACION  
650 |a ESTADOS UNIDOS  
999 |c 2460  |d 2460